| 000 | 00338nam a2200121Ia 4500 | ||
|---|---|---|---|
| 999 |
_c17457 _d17457 |
||
| 003 | OSt | ||
| 082 |
_a650 _bJYO/DS |
||
| 100 | _aJyothi,K Parikh | ||
| 245 | _aD S M survey in India : awareness barriers and implementability | ||
| 260 |
_aBombay _bIndira Gandhi Institute Of Development Research _c1996 |
||
| 546 | _aEnglish | ||
| 942 |
_2ddc _cREP |
||